कहनी अनकहनी / (Record no. 113373)

MARC details
000 -LEADER
fixed length control field 01120nam a22002657a 4500
005 - DATE AND TIME OF LATEST TRANSACTION
control field 20170124102952.0
010 ## - LIBRARY OF CONGRESS CONTROL NUMBER
LC control number B-014279
020 ## - INTERNATIONAL STANDARD BOOK NUMBER
Terms of availability 125.00
International Standard Book Number 8126302186
035 ## - SYSTEM CONTROL NUMBER
System control number B-014279
037 ## - SOURCE OF ACQUISITION
Source of stock number/acquisition Cen Lib/Ret
040 ## - CATALOGING SOURCE
Original cataloging agency DPL
Language of cataloging HN
082 ## - DEWEY DECIMAL CLASSIFICATION NUMBER
Classification number 824
Item number धर्मवी
100 ## - MAIN ENTRY--PERSONAL NAME
Personal name धर्मवीर भारती
9 (RLIN) 51948
245 ## - TITLE STATEMENT
Title कहनी अनकहनी /
Statement of responsibility, etc धर्मवीर भारती
246 ## - VARYING FORM OF TITLE
Title proper/short title Kahni ankahni /
Remainder of title by Dharmveer Bharti
250 ## - EDITION STATEMENT
Edition statement तीसरा संस्करण
260 ## - PUBLICATION, DISTRIBUTION, ETC. (IMPRINT)
Place of publication, distribution, etc नयी दिल्ली
Name of publisher, distributor, etc भारतीय ज्ञानपीठ
Date of publication, distribution, etc 2000
270 ## - ADDRESS
City नयी दिल्ली
Postal code 110003
Address 18, इंस्टीट्यूशनल एरिया, लोदी रोड
300 ## - PHYSICAL DESCRIPTION
Extent 174पृ.
Dimensions 21सेमी (सजिल्द)
650 ## - SUBJECT ADDED ENTRY--TOPICAL TERM
Topical term or geographic name as entry element हिन्दी -- साहित्य
9 (RLIN) 51949
650 ## - SUBJECT ADDED ENTRY--TOPICAL TERM
Topical term or geographic name as entry element हिन्दी -- कहानियां
9 (RLIN) 51950
650 ## - SUBJECT ADDED ENTRY--TOPICAL TERM
Topical term or geographic name as entry element Hindi -- literature
9 (RLIN) 51951
650 ## - SUBJECT ADDED ENTRY--TOPICAL TERM
Topical term or geographic name as entry element Hindi - Stories
9 (RLIN) 51952
942 ## - ADDED ENTRY ELEMENTS (KOHA)
Source of classification or shelving scheme Dewey Decimal Classification
Koha item type Hindi Books
Classification part 824
Call number suffix धर्मवी
Holdings
Withdrawn status Lost status Damaged status Not for loan Home library Current library Date acquired Source of acquisition Cost, normal purchase price Total Checkouts Full call number Barcode Date last seen Date checked out Copy number Cost, replacement price Price effective from Koha item type
        Central Library Central Library 12/08/2015 Cen Lib/Ret 125.00 2 824 धर्मवी B-014279 11/12/2017 27/11/2017 1 125.00 12/08/2015 Hindi Books

© Delhi Public Library
Hit Counter
free hit counter